| 000 | 00494nam a2200181 4500 | ||
|---|---|---|---|
| 005 | 20260506160104.0 | ||
| 008 | 260506b |||||||| |||| 00| 0 eng d | ||
| 020 |
_a9780199543427 _qhbk |
||
| 041 | _aeng | ||
| 082 | _a341 KLA | ||
| 100 | _aKlabbers,Jan | ||
| 245 |
_aThe Constitutionalization of International Law _cJan Klabbers |
||
| 260 |
_aNew York _bOxford University Press _c2009 |
||
| 300 |
_a393p. : _c20cm. |
||
| 504 | _aBib and Ref | ||
| 650 | _aLaw of nations | ||
| 942 | _cENGLISH | ||
| 999 |
_c622681 _d622681 |
||